00441 2200181 4500001002100000005001500021008004100036035002500077041000800102082001100110090001100121100001500132245001900147250001600166260003000182300002800212650001900240INLIS00000000001948120130516053216 ind  a0010-051300000019481 aind a297.98 a297.98 aRahimsyah, aSunan Kalijaga aCetakan : 1 aJakartabSerba Jayac2011 a64 hlm. : ilus. ;18 cm. aBiografi Tokoh